English methodolody = Phương pháp giảng dạy tiếng Anh
Nội dung gồm: Giáo học pháp đại cương, giáo học pháp bộ môn, soạn giáo án, bài kiểm tra, đánh giá giảng dạy.
Đã lưu trong:
| Tác giả chính: | |
|---|---|
| Định dạng: | Sách |
| Ngôn ngữ: | Undetermined |
| Được phát hành: |
Hà Nội
Văn hóa Thông tin
2005
|
| Những chủ đề: | |
| Các nhãn: |
Thêm thẻ
Không có thẻ, Là người đầu tiên thẻ bản ghi này!
|
| Thư viện lưu trữ: | Trung tâm Học liệu Trường Đại học Cần Thơ |
|---|
| LEADER | 00847nam a2200229Ia 4500 | ||
|---|---|---|---|
| 001 | CTU_106588 | ||
| 008 | 210402s9999 xx 000 0 und d | ||
| 020 | |c 14000 | ||
| 082 | |a 428.2407 | ||
| 082 | |b S550 | ||
| 100 | |a Lê, Văn Sự | ||
| 245 | 0 | |a English methodolody = | |
| 245 | 0 | |b Phương pháp giảng dạy tiếng Anh | |
| 245 | 0 | |c Lê Văn Sự | |
| 260 | |a Hà Nội | ||
| 260 | |b Văn hóa Thông tin | ||
| 260 | |c 2005 | ||
| 520 | |a Nội dung gồm: Giáo học pháp đại cương, giáo học pháp bộ môn, soạn giáo án, bài kiểm tra, đánh giá giảng dạy. | ||
| 650 | |a English language,English language | ||
| 650 | |x Outlines, syllabi, etc,Study and teaching | ||
| 904 | |i Nguyên, Q. Hiếu (sửa) | ||
| 980 | |a Trung tâm Học liệu Trường Đại học Cần Thơ | ||